Les Miserables Tracks - Statistics

General Stats
  • This quiz has been taken 737 times
  • The average score is 27 of 53
Answer Stats
Answer % Correct
Work Song
92%
I Dreamed a Dream
90%
Look Down
89%
On My Own
89%
Master of the House
88%
Stars
86%
Finale / Do You Hear the People Sing?
85%
Do You Hear the People Sing?
84%
Castle on a Cloud
81%
One Day More
81%
The ABC Cafe / Red and Black
80%
Lovely Ladies
79%
At the End of the Day
78%
Empty Chairs at Empty Tables
78%
A Heart Full of Love
76%
Every Day / A Heart Full of Love
76%
Who Am I?
70%
The Confrontation
68%
Bring Him Home
67%
Javert's Suicide
67%
Little People
65%
A Little Fall of Rain
63%
Drink with Me
62%
In My Life
61%
Fantine's Death
52%
Turning
49%
Beggars at the Feast
44%
What Have I Done?
42%
Epilogue / Valjean's Death
41%
Dog eats Dog
40%
Fantine's Arrest
38%
The Attack on Rue Plumet
36%
The First Attack
36%
The Bargain / The Thenardier Waltz of Treachery
35%
Building the Barricade
34%
The Sewers
32%
The Final Battle
30%
The Robbery / Javert's Intervention
30%
Wedding Chorale
30%
The Runaway Cart
28%
At the Barricade
27%
Valjean's Confession
27%
The Second Attack
26%
Eponine's Errand
22%
Night of Anguish
21%
On Parole
21%
Valjean Arrested, Valjean Forgiven
21%
Javert's Arrival
20%
Dawn of Anguish
18%
The Well Scene
16%
Overture (instrumental)
13%
Suddenly (2012 film version only)
9%
Suddenly (reprise; 2012 film version only)
8%
No matching quizzes found
Score Distribution
Percent of People with Each Score
Percentile by Number Answered
Your Score History
You have not taken this quiz